| 000 | 00660nam a2200253 a 4500 | ||
|---|---|---|---|
| 999 |
_c3089 _d3089 |
||
| 006 | a||||gr|||| 00| 0 | ||
| 007 | ta | ||
| 008 | 250124s2022 ii a|||gr|||| 000 0 eng d | ||
| 020 | _cRs. 500.00 | ||
| 040 |
_aKO _beng |
||
| 041 | 0 | _aeng | |
| 044 | _aii | ||
| 082 | 0 | 4 |
_223 _a623.89 _bB4695 |
| 100 | 1 | _aBhatia, A. G. | |
| 245 | 1 | 0 |
_aBridge equipment and watchkeeping / _bCapt. A. G. Bhatia |
| 260 |
_aIndia : _bGopilata Education Hub, _c[2022] |
||
| 300 |
_aiv, 115 p. : _bill. ; _c28 cm. |
||
| 650 | 0 |
_aMerchant marine _xWatch duty _xTextbooks |
|
| 650 | 0 |
_aNavigation _xTextbooks |
|
| 904 | _aRUDRA_R | ||
| 905 | _aR_RANJAN | ||
| 942 | _cBK | ||